ARRUPE JESUIT UNIVERSITY

CORONAVIRUS -STOP THE SPREAD - CLEAN,DISINFECT,COVER
Normal view MARC view

Entry Geographic Name

Number of records used in: 1

001 - CONTROL NUMBER

  • control field: 35881

003 - CONTROL NUMBER IDENTIFIER

  • control field: ARRUPE

005 - DATE AND TIME OF LATEST TRANSACTION

  • control field: 20170920113850.0

008 - FIXED-LENGTH DATA ELEMENTS

  • fixed length control field: 170920|| aca||aabn | a|a d

040 ## - CATALOGING SOURCE

  • Original cataloging agency: ARRUPE
  • Transcribing agency: ARRUPE

151 ## - HEADING--GEOGRAPHIC NAME

  • Geographic name: King's Lynn (England)
  • General subdivision: Biography.

670 ## - SOURCE DATA FOUND

  • Source citation: Work cat.: (ARRUPE)25378: Wallis, J. P. R. (John Peter Richard), 1880-1957. 35876, Thomas Baines of King's Lynn, explorer and artist, 1820-1875 /, 1982.

 

Arrupe Library. PO Box MP320 Mt Pleasant, Harare, Zimbabwe
263 242 745411|librarian@aju.ac.zw